Missing Word: 'E' Authors Quiz Stats

 Plays Quiz Updated Aug 23, 2015

Challenge
Share
Tweet
Embed
Score 0/24 Timer 03:00
0 Plays Today
Author Answer % Correct
_____ HemingwayErnest
99.3%
_____ BrontëEmily
91.9%
Ralph Waldo _____Emerson
90.2%
_____ WhartonEdith
79.9%
_____ Rice BurroughsEdgar
74.6%
_____ O'NeillEugene
68.4%
_____ WaughEvelyn
62%
_____ WieselElie
59.5%
George _____Eliot
56.8%
Umberto _____Eco
55.5%
Friedrich _____Engels
53.3%
_____ FerberEdna
48.8%
Author Answer % Correct
Ralph _____Ellison
47.2%
Bret _____ EllisEaston
41.4%
_____ BlytonEnid
39.7%
_____ Maria RemarqueErich
34%
_____ GaskellElizabeth
28.5%
_____ CaldwellErskine
24.2%
Janet _____Evanovich
23.8%
Jeffrey _____Eugenides
19.6%
Desiderius _____Erasmus
18.1%
Dave _____Eggers
17.3%
James _____Ellroy
11.4%
Laura _____Esquivel
10.4%

Today's Daily Dose

You're not logged in!

Compare scores with friends on all Sporcle quizzes.
OR
Log In

You Might Also Like...

Show Comments

Extras

Top Quizzes Today


Score Distribution

Your Account Isn't Verified!

In order to create a playlist on Sporcle, you need to verify the email address you used during registration. Go to your Sporcle Settings to finish the process.

Report this User

Report this user for behavior that violates our Community Guidelines.

Details: